00951nam a2200193 i 450000100060000000300090000600500170001500700030003200800410003511000400007624503260011626000780044230000270052053000350054765000290058265000360061185200210064785600890066853521ES-MaACL20230906162801.0t|951002s1869 sp |||| | spa d1 aEspaña. bMinisterio de Ultramar.10aExtracto de las contestaciones dadas al interrogatorio sobre las bases en que deban fundarse las leyes especiales que al cumplir el artículo 80 de la Constitución de la Monarquía Española deben presentarse a las Cortes para el gobierno de las provincias de Cuba y de Puerto-Rico / cJunta informativa de Ultramar. aMadrid : b[s.n.], c1869 (fImp. de la Biblioteca Universal Económica) a535, [1] p. ; c30 cm. aDisponible en formato digital. 4aDerecho colonial-zCuba. 4aDerecho colonial-zPuerto Rico. aES-MaACLjG-1669 uhttp://bdh-rd.bne.es/viewer.vm?id=0000129324&page=1 zBiblioteca Digital Hispánica